00932nam a22002777a 4500003000500000005001700005008004100022010001100063011001100074020002400085035001100109040000900120082002300129245014000152260003500292300002500327490003800352500003500390650002900425650003500454650002400489700003200513700003400545700004100579830003400620CHAP20220329143722.0110406s1995 mx a r 00010 spa d a100876 a101848 a9682952115 (vol. 2) a112536 cCHAP04a930.1097247bAn88100aAntología de Cacaxtlac/compilado por Ángel García Cook y Beatriz Leonor Merino Carrión ; coordinado por Lorena Mirambell Silva aMéxico, D.F. :bINAH,c1995- av. :bilus., cuadros 0aAntologíaspSerie arqueología aLa biblioteca tiene : v.1, v.214aArqueológiaxTlaxcala.14aTlaxcalaxDescripcion y viaje.14aTlaxcalaxHistoria.0 aMirambell, Lorenae, coord.1 aGarcía Cook, Angele, comp.1 aMerino Carrión, B. Leonore, comp. 0aAntologiaspSerie arqueologia